00598 2200229 4500001002100000005001500021035002000036007000300056008004100059020001800100082001600118084002200134100002000156245003800176260004200214300002300256650001500279650001400294990002000308990002000328990002000348INLIS00000000000188120240129124906 a0010-0124000324ta240129 g 0 ind  a979-602-611-2 a320.509 598 a320.509 598 ALH p0 aAlhaj, Pangeran1 aMateri Pokok Pendidikan Pancasila aJakarta :bUniversitas Terbuka,c2000 a224 hlm. ;c30 cm. 4aPendidikan 4aPancasila a20230802.04.074 a20231005.04.010 a20231005.04.009